<?xml version="1.0" encoding="UTF-8"?>
<record
    xmlns:xsi="http://www.w3.org/2001/XMLSchema-instance"
    xsi:schemaLocation="http://www.loc.gov/MARC21/slim http://www.loc.gov/standards/marcxml/schema/MARC21slim.xsd"
    xmlns="http://www.loc.gov/MARC21/slim">

  <leader>01669cam a2200337Ia 4500</leader>
  <datafield tag="999" ind1=" " ind2=" ">
    <subfield code="c">4059</subfield>
    <subfield code="d">4059</subfield>
  </datafield>
  <controlfield tag="001">36317991</controlfield>
  <controlfield tag="003">OCoLC</controlfield>
  <controlfield tag="005">20181128155515.0</controlfield>
  <controlfield tag="008">970204s1996    onca     b    000 0 eng d</controlfield>
  <datafield tag="020" ind1=" " ind2=" ">
    <subfield code="a">0921714289 (pbk.) :</subfield>
    <subfield code="c">$13.95</subfield>
  </datafield>
  <datafield tag="020" ind1=" " ind2=" ">
    <subfield code="a">9780921714286 (pbk.)</subfield>
  </datafield>
  <datafield tag="035" ind1=" " ind2=" ">
    <subfield code="a">(OCoLC)36317991</subfield>
  </datafield>
  <datafield tag="040" ind1=" " ind2=" ">
    <subfield code="a">IF9</subfield>
    <subfield code="c">IF9</subfield>
    <subfield code="d">GZM</subfield>
    <subfield code="d">PLT</subfield>
    <subfield code="d">BTCTA</subfield>
    <subfield code="d">NZLPP</subfield>
    <subfield code="d">YDXCP</subfield>
    <subfield code="d">IXA</subfield>
    <subfield code="d">CFT</subfield>
    <subfield code="d">CHC</subfield>
  </datafield>
  <datafield tag="050" ind1=" " ind2="4">
    <subfield code="a">BS480</subfield>
    <subfield code="b">.J44 1996</subfield>
  </datafield>
  <datafield tag="082" ind1=" " ind2="4">
    <subfield code="a">220.1</subfield>
    <subfield code="2">21</subfield>
  </datafield>
  <datafield tag="082" ind1="0" ind2="4">
    <subfield code="a">239</subfield>
    <subfield code="b">J46S</subfield>
  </datafield>
  <datafield tag="092" ind1=" " ind2=" ">
    <subfield code="a">239</subfield>
    <subfield code="b">J46S</subfield>
  </datafield>
  <datafield tag="100" ind1="1" ind2=" ">
    <subfield code="a">Jeffrey, Grant R.</subfield>
  </datafield>
  <datafield tag="245" ind1="1" ind2="4">
    <subfield code="a">The signature of God :</subfield>
    <subfield code="b">astonishing Biblical discoveries /</subfield>
    <subfield code="c">Grant R. Jeffrey.</subfield>
  </datafield>
  <datafield tag="246" ind1="3" ind2="0">
    <subfield code="a">Astonishing Biblical discoveries</subfield>
  </datafield>
  <datafield tag="260" ind1=" " ind2=" ">
    <subfield code="a">Toronto, Ont. :</subfield>
    <subfield code="b">Frontier Research,</subfield>
    <subfield code="c">c1996.</subfield>
  </datafield>
  <datafield tag="300" ind1=" " ind2=" ">
    <subfield code="a">276 p. :</subfield>
    <subfield code="b">ill. ;</subfield>
    <subfield code="c">22 cm.</subfield>
  </datafield>
  <datafield tag="504" ind1=" " ind2=" ">
    <subfield code="a">Includes bibliographical references (p. 274-276).</subfield>
  </datafield>
  <datafield tag="505" ind1="0" ind2=" ">
    <subfield code="a">The battle for the Bible -- Incredible evidence from historical documents -- Ancient Sinai inscriptions and the Exodus -- Startling archeological discoveries -- The historical evidence about Jesus Christ -- Scientific proof that the Bible is accurate -- Advanced medical knowledge in the Bible -- Precise fulfillment of Bible prophecy -- Evidence from prophecies fulfilled in our generation -- The mysterious Hebrew codes -- The name of Jesus encoded in the Old Testament -- The mathematical signature of God -- The phenomenon of "undesigned coincidences" -- The evidence of the men who wrote the New Testament -- The decision is yours.</subfield>
  </datafield>
  <datafield tag="630" ind1="0" ind2="0">
    <subfield code="a">Bible</subfield>
    <subfield code="x">Evidences, authority, etc.</subfield>
  </datafield>
  <datafield tag="630" ind1="0" ind2="0">
    <subfield code="a">Bible</subfield>
    <subfield code="x">Inspiration.</subfield>
  </datafield>
  <datafield tag="650" ind1=" " ind2="0">
    <subfield code="a">Apologetics.</subfield>
  </datafield>
  <datafield tag="650" ind1=" " ind2="0">
    <subfield code="a">Eschatology.</subfield>
  </datafield>
  <datafield tag="650" ind1=" " ind2="0">
    <subfield code="a">Bible and science.</subfield>
  </datafield>
  <datafield tag="942" ind1=" " ind2=" ">
    <subfield code="2">ddc</subfield>
    <subfield code="c">BK</subfield>
  </datafield>
  <datafield tag="952" ind1=" " ind2=" ">
    <subfield code="0">0</subfield>
    <subfield code="1">0</subfield>
    <subfield code="2">ddc</subfield>
    <subfield code="4">0</subfield>
    <subfield code="7">1</subfield>
    <subfield code="8">NFIC</subfield>
    <subfield code="a">HMC</subfield>
    <subfield code="b">HMC</subfield>
    <subfield code="c">GEN</subfield>
    <subfield code="d">2018-11-28</subfield>
    <subfield code="g">120.00</subfield>
    <subfield code="l">0</subfield>
    <subfield code="o">220.1 J46S</subfield>
    <subfield code="p">004682</subfield>
    <subfield code="r">2018-11-28 00:00:00</subfield>
    <subfield code="w">2018-11-28</subfield>
    <subfield code="y">BK</subfield>
  </datafield>
</record>
